Paris FC Squad 2025-2026 - Statistics

General Stats
  • This quiz has been taken 30 times
    4 since last reset
  • The average score is 13 of 36
Answer Stats
# Position Nation Player % Correct
36 FW Italy Ciro Immobile
100%
6 DF Brazil Otávio
100%
42 DF Italy Diego Coppola
75%
10 MF Algeria Ilan Kebbal
75%
35 GK Germany Kevin Trapp
75%
24 FW Italy Luca Koleosho
75%
18 MF Zimbabwe Marshall Munetsi
75%
11 FW Ivory Coast Jean-Philippe Krasso
50%
93 FW France Jonathan Ikoné
50%
27 FW Nigeria Moses Simon
50%
16 GK France Obed Nkambadio
50%
33 MF France Pierre Lees-Melou
50%
- Coach France Stéphane Gilli
50%
2 DF Finland Tuomas Ollila
50%
17 MF France Adama Camara
25%
7 FW France Alimami Gory
25%
14 DF Mali Hamari Traoré
25%
20 FW Algeria Julien Lopez
25%
13 FW France Mathieu Cafaro
25%
21 MF France Maxime Lopez
25%
5 DF Senegal Moustapha Mbow
25%
19 DF France Nhoa Sangui
25%
12 FW Mali Nouha Dicko
25%
29 FW France Pierre-Yves Hamel
25%
23 MF France Rudy Matondo
25%
31 DF France Samir Chergui
25%
22 DF Morocco Sofiane Alakouch
25%
28 DF Belgium Thibault De Smet
25%
15 DF France Timothée Kolodziejczak
25%
4 MF France Vincent Marchetti
25%
77 FW France Andy Pembélé
0%
26 FW Senegal Lamine Gueye
0%
8 MF France Lohann Doucet
0%
39 DF Morocco Mathys Tourraine
0%
1 GK France Rémy Riou
0%
9 FW France Willem Geubbels
0%
No matching quizzes found
Score Distribution
Percent of People with Each Score
Percentile by Number Answered
Your Score History
You have not taken this quiz since the last reset